| 000 | 00702nam a2200217 a 4500 | ||
|---|---|---|---|
| 999 |
_c1292 _d1292 |
||
| 001 | 9290 | ||
| 003 | BD-DhUAP | ||
| 005 | 20200205104523.0 | ||
| 008 | 200205s2001 bg 000 0 eng d | ||
| 020 | _a9845102190 | ||
| 040 |
_aDLC _cBD-DhUAP _bEng _dBD-DhUAP |
||
| 082 | 0 | 0 |
_a342.549202 KAM _223 |
| 100 | _aKamal, Mustafa. | ||
| 245 | 1 | 0 |
_aBangladesh Constitution : _btrends and issues / _cMustafa Kamal. |
| 260 |
_aDhaka, Bangladesh : _bUniversity of Dhaka, _cc1994 [Reprinted 2001]. |
||
| 300 |
_aviii 175 pages ; _c22 cm. |
||
| 490 | _aKamini Kumar Dutta memorial law lectures, 1994. | ||
| 650 |
_aConstitutional law _zBangladesh. |
||
| 942 |
_2ddc _cBK |
||